000 00576nam a22001817a 4500
005 20170413173250.0
010 _aENG-117826
020 _c295.00
_a9789351951278
035 _aEN-101358
037 _bDBAD/PUB
082 _a000
245 _aFully updated hachette children?s yearbook and infopedia 2017 /
260 _aGurgaon
_bHachette Book Publishing
_c2016
270 _a4th & 5th Floors, Corporate Center, Plot No. 94, Sector 44
_bGurgaon
_e122003
300 _a256p. :
_c21cm(pbk)
_bill
500 _aIncludes index
942 _2ddc
_cEN
_mFUL
_h000
999 _c138906
_d138906